Discurso leido por el excmo.sr.d.antonio maura y montaner /

Guardado en:
Autor Principal: Maura Y Montaner, Antonio
Formato: Libro
Publicado: Madrid : Hijos De M.g.hernandez, 1900
Materias:
Etiquetas: Agregar Etiqueta
Sin Etiquetas, Sea el primero en etiquetar este registro!
LEADER 00525nam a22001575a 4500
001 EHU.bham002813
003 AR-BHAM
005 20070329181826.0
008 130507s1900##################000#0#####d
082 D 3 |a 340.06 
100 1 |a Maura Y Montaner, Antonio 
245 1 0 |a Discurso leido por el excmo.sr.d.antonio maura y montaner /  |c Antonio Maura Y Montaner. 
260 |a Madrid :  |b Hijos De M.g.hernandez,  |c 1900 
300 |a 47 p. 
653 |a Derecho-asociaciones 
859 |a AR-BHAM  |b BIB. HUMANIDADES - General  |h D340.06  |i M445-1  |k D  |p 1806.62  |t Ej.1